<?xml version="1.0" encoding="UTF-8"?>
<record
    xmlns:xsi="http://www.w3.org/2001/XMLSchema-instance"
    xsi:schemaLocation="http://www.loc.gov/MARC21/slim http://www.loc.gov/standards/marcxml/schema/MARC21slim.xsd"
    xmlns="http://www.loc.gov/MARC21/slim">

  <leader>03418nam a2200313 a 4500</leader>
  <controlfield tag="003">OSt</controlfield>
  <controlfield tag="005">20250924102720.0</controlfield>
  <controlfield tag="007">cr ||||||a|a|a</controlfield>
  <controlfield tag="008">250826s2025    mx a|||fom||| 001 0 spa d</controlfield>
  <datafield tag="040" ind1=" " ind2=" ">
    <subfield code="e">rda</subfield>
  </datafield>
  <datafield tag="100" ind1="1" ind2=" ">
    <subfield code="a">Rodr&#xED;guez Mart&#xED;nez, Manuel Alejandro</subfield>
    <subfield code="9">190974</subfield>
  </datafield>
  <datafield tag="245" ind1="1" ind2="0">
    <subfield code="a">Evaluaci&#xF3;n de la poblaci&#xF3;n de serpientes dentro de las &#xE1;reas experimentales de la Universidad Aut&#xF3;noma Chapingo /</subfield>
    <subfield code="c">por Manuel Alejandro Rodriguez Martinez; director de tesis  Jos&#xE9; Rico Cerda; secretario  Beatriz Cecilia Aguilar Valdez; vocal  Luis Ram&#xF3;n Munive Hern&#xE1;ndez; suplente Judith Bandala Aguilar; suplente Javier Santill&#xE1;n P&#xE9;rez.</subfield>
  </datafield>
  <datafield tag="264" ind1=" " ind2="1">
    <subfield code="a">Chapingo, M&#xE9;xico :</subfield>
    <subfield code="b">El autor,</subfield>
    <subfield code="c">2025.</subfield>
  </datafield>
  <datafield tag="300" ind1=" " ind2=" ">
    <subfield code="a">1 recurso en l&#xED;nea (92 p&#xE1;ginas):</subfield>
    <subfield code="b">cuadros, figuras.</subfield>
  </datafield>
  <datafield tag="336" ind1=" " ind2=" ">
    <subfield code="2">rdacontent</subfield>
    <subfield code="a">texto</subfield>
    <subfield code="b">txt</subfield>
  </datafield>
  <datafield tag="337" ind1=" " ind2=" ">
    <subfield code="2">rdamedia</subfield>
    <subfield code="a">computadora</subfield>
    <subfield code="b">c</subfield>
  </datafield>
  <datafield tag="338" ind1=" " ind2=" ">
    <subfield code="2">rdacarrier</subfield>
    <subfield code="a">recurso en l&#xED;nea</subfield>
    <subfield code="b">cr</subfield>
  </datafield>
  <datafield tag="502" ind1=" " ind2=" ">
    <subfield code="b">IF</subfield>
    <subfield code="c">DICIFO</subfield>
    <subfield code="d">2025.</subfield>
    <subfield code="g">LIC</subfield>
  </datafield>
  <datafield tag="504" ind1=" " ind2=" ">
    <subfield code="a">Incluye referencias bibliogr&#xE1;ficas:76-81 p&#xE1;ginas .</subfield>
  </datafield>
  <datafield tag="520" ind1=" " ind2=" ">
    <subfield code="a">El presente estudio se llev&#xF3; a cabo en &#xE1;reas experimentales de la Universidad Aut&#xF3;noma Chapingo para evaluar la comunidad de serpientes, enfoc&#xE1;ndose en su distribuci&#xF3;n espacial, caracter&#xED;sticas morfol&#xF3;gicas y la eficacia de las trampas de calor (T.C) como refugios a lo largo de diferentes estaciones del a&#xF1;o. Utilizando un m&#xE9;todo de observaci&#xF3;n directa y an&#xE1;lisis cuantitativo, se realizaron monitoreos en el a&#xF1;o 2019 antes de pandemia y en el a&#xF1;o 2023. Los resultados muestran un registro de 66 individuos en 2019 y 40 individuos en 2023 pertenecientes a cuatro especies, siendo Conopsis lineata, Pituophis deppei, Thamnophis scaliger y Salvadora grahamiae, adem&#xE1;s de la presencia de Indotyphlops braminus en el &#xE1;rea de estudio, fuera de las trampas de calor. Pituophis deppei y Thamnophis scaliger, clasificadas como amenazadas de acuerdo con la Norma Oficial Mexicana 059-SEMARNAT-2010, representaron el 55% de registros en 2023 y el 75% de los registros de 2019. Por otra parte, para Salvadora grahamiae se observaron desequilibrios en la proporci&#xF3;n de sexos, con un 90% de machos en 2023 y el 100% en 2019. Asimismo, se not&#xF3; un cambio significativo en la presencia de Conopsis lineata, ausente en el monitoreo de 2023. Los resultados mostraron que las trampas de calor son una herramienta eficaz para el monitoreo y conservaci&#xF3;n, identificando factores como la temperatura, la humedad y el sustrato como determinantes de su eficacia. En conclusi&#xF3;n, el trabajo realizado resalta la importancia de las T.C como un m&#xE9;todo de monitoreo de serpientes en h&#xE1;bitats alterados, sugiriendo su aplicaci&#xF3;n en contextos ecol&#xF3;gicos similares. La preservaci&#xF3;n de &#xE1;reas como el huerto de Cupressus guadalupensis es esencial para mantener la biodiversidad local y mitigar los efectos de la actividad humana y las alteraciones clim&#xE1;ticas.</subfield>
  </datafield>
  <datafield tag="650" ind1=" " ind2="4">
    <subfield code="a">Serpientes</subfield>
    <subfield code="z">Universidad Autonoma Chapingo</subfield>
    <subfield code="x">Identificaci&#xF3;n</subfield>
    <subfield code="9">191230</subfield>
  </datafield>
  <datafield tag="700" ind1="1" ind2=" ">
    <subfield code="a">Rico Cerda, Jos&#xE9;</subfield>
    <subfield code="9">97321</subfield>
    <subfield code="e">director.</subfield>
  </datafield>
  <datafield tag="700" ind1="1" ind2=" ">
    <subfield code="a">Aguilar Valdez, Beatriz Cecilia</subfield>
    <subfield code="9">190689</subfield>
    <subfield code="e">secretario.</subfield>
  </datafield>
  <datafield tag="700" ind1="1" ind2=" ">
    <subfield code="a">Munive Hern&#xE1;ndez, Luis Ram&#xF3;n</subfield>
    <subfield code="9">185887</subfield>
    <subfield code="e">vocal.</subfield>
  </datafield>
  <datafield tag="700" ind1="1" ind2=" ">
    <subfield code="a">Bandala Aguilar, Judith</subfield>
    <subfield code="9">133739</subfield>
    <subfield code="e">suplente.</subfield>
  </datafield>
  <datafield tag="700" ind1="1" ind2=" ">
    <subfield code="a">Santill&#xE1;n P&#xE9;rez, Javier</subfield>
    <subfield code="9">102430</subfield>
    <subfield code="e">suplente.</subfield>
  </datafield>
  <datafield tag="856" ind1=" " ind2=" ">
    <subfield code="u">http://10.13.5.2/tesis/tl/1812203-5_RODRIGUEZ_MARTINEZ_MANUELALEJANDRO.pdf</subfield>
    <subfield code="z">DESCARGAR PDF</subfield>
  </datafield>
  <datafield tag="942" ind1=" " ind2=" ">
    <subfield code="2">Clasificaci&#xF3;n Universidad Aut&#xF3;noma Chapingo</subfield>
    <subfield code="c">TD</subfield>
  </datafield>
  <datafield tag="999" ind1=" " ind2=" ">
    <subfield code="c">220853</subfield>
    <subfield code="d">220853</subfield>
  </datafield>
  <datafield tag="952" ind1=" " ind2=" ">
    <subfield code="0">0</subfield>
    <subfield code="1">0</subfield>
    <subfield code="2">local</subfield>
    <subfield code="4">0</subfield>
    <subfield code="5">1</subfield>
    <subfield code="7">0</subfield>
    <subfield code="8">TesDigL</subfield>
    <subfield code="a">BD</subfield>
    <subfield code="b">BD</subfield>
    <subfield code="c">E_L</subfield>
    <subfield code="d">2025-08-26</subfield>
    <subfield code="l">0</subfield>
    <subfield code="o">Tesis digital</subfield>
    <subfield code="r">2025-08-26 12:21:50</subfield>
    <subfield code="w">2025-08-26</subfield>
    <subfield code="y">TD</subfield>
  </datafield>
</record>
